000 02783cam a22005054i 4500
003 PE-LiUPU
005 20250731184058.0
008 150623s1999 pe r 000 0 spa d
035 _a(Sirsi) a22494
040 _aPE-LiUPU
_bspa
_cPE-LiUPU
_erda
082 0 4 _a869.551
_bZ74
_221
100 1 _aZevallos Vera, Manuel,
_d1919-,
_eautor.
245 1 4 _aLas lecciones de Don Manuel /
_cManuel Zevallos Vera.
264 1 _aTrujillo :
_bUniversidad Cesar Vallejo, Editorial Vallejiana,
_c[1999].
300 _a388 páginas ;
_c21 cm.
336 _atext
_2rdacontent
337 _aunmediated
_2rdamedia
338 _avolume
_2rdacarrier
505 0 _aEl complejo mundo del hombre social -- El mundo de la vida espiritual -- El mundo de la filosofía -- Elogios y honores -- Los enigmas de la ciencia, la técnica y el medio ambiente -- Actualidad y problemática peruana -- Actualidad y problemática mundial.
526 _aP145
526 _aP127
526 _aP97
526 _aP14
526 _aP07
650 0 4 _aCiencia
_xFilosofía.
650 0 4 _aEducación y sociedad.
650 0 4 _aHombre (Sociología).
910 _cigq
942 _2ddc
_cBOOK
949 _a869.551 Z74
_wDEWEY
_c1
_i46299
_lCCODEBUL1
_mBUL
_p00.00
_r0
_sY
_tBOOK
_u2015-06-24
_xBIBLIOTECA
_zUNKNOWN
_0COMPRA
_o.STAFF. Colección General
949 _a869.551 Z74
_wDEWEY
_c2
_i46296
_lCCODEBUL1
_mBUL
_p00.00
_r0
_sY
_tBOOK
_u2015-06-24
_xBIBLIOTECA
_zUNKNOWN
_0COMPRA
_o.STAFF. Colección General
949 _a869.551 Z74
_wDEWEY
_c3
_i46297
_lCCODEBUL1
_mBUL
_p00.00
_r0
_sY
_tBOOK
_u2015-06-24
_xBIBLIOTECA
_zUNKNOWN
_0COMPRA
_o.STAFF. Colección General
949 _a869.551 Z74
_wDEWEY
_c4
_i46298
_lCCODEBUL1
_mBUL
_p00.00
_r0
_sY
_tBOOK
_u2015-06-24
_xBIBLIOTECA
_zUNKNOWN
_0COMPRA
_o.STAFF. Colección General
596 _a1 2
999 _a869.551 Z74
_wDEWEY
_c23071
_i46299
_f2021-11-5
_g6
_lCCODEBUL1
_mBUL
_r0
_sY
_tBOOK
_u2015-6-24
_xBIBLIOTECA
_zUNKNOWN
_0COMPRA
_o.STAFF. Colección General
_d23071
999 _a869.551 Z74
_wDEWEY
_c2
_i46296
_f2021-11-5
_g5
_lCCODEBUL1
_mBUL
_r0
_sY
_tBOOK
_u2015-6-24
_xBIBLIOTECA
_zUNKNOWN
_0COMPRA
_o.STAFF. Colección General
999 _a869.551 Z74
_wDEWEY
_c3
_i46297
_d2017-10-5
_e2017-10-4
_f2021-11-5
_g5
_lCCODEBUL1
_mBUL
_n3
_r0
_sY
_tBOOK
_u2015-6-24
_xBIBLIOTECA
_zUNKNOWN
_0COMPRA
_o.STAFF. Colección General
999 _a869.551 Z74
_wDEWEY
_c4
_i46298
_f2019-12-11
_g4
_lDISCARD
_mBUL
_r1
_sY
_tBOOK
_u2015-6-24
_xEDUCACION
_zUNKNOWN
_0COMPRA
_o.STAFF. Colección General
999 _a869.551 Z74
_wDEWEY
_c1
_iFT00354
_f2019-2-20
_g1
_lCCODEBUT1
_mBUT
_p10.00
_r0
_sY
_tBOOK
_u2016-2-17
_xBIBLIOTECA
_zUNKNOWN
_0DONACION
_o.STAFF. Colección General
980 _81
_gALBERTO SANCHEZ Responsable de Automatización